Vývoj kvality životného prostredia v SR

Saved in:
Bibliographic Details
Main Author: Spáčilová, Ružena
Format: Book
Language:Slovak
English
Published: Bratislava Prognostický ústav SAV 1999
Series:Pracovné materiály č. 8
Subjects:
Tags: Add Tag
No Tags, Be the first to tag this record!

MARC

LEADER 00000nam a2200000 4500
001 c117547
005 20221124121933.4
022 |a 0862-9137 
041 0 |a slo 
041 0 |a eng 
044 |a SK 
245 1 0 |a Vývoj kvality životného prostredia v SR  |c Ružena Spáčilová 
264 1 |a Bratislava  |b Prognostický ústav SAV  |c 1999 
300 |a 38 s. 
490 1 |a Pracovné materiály  |v č. 8 
830 0 |a Pracovné materiály  |v č. 8 
610 2 0 |a prostredie životné 
610 2 0 |a analýzy 
610 2 0 |a odvetvia činnosti ekonomickej 
610 2 0 |a odvetvia priemyselné 
610 2 0 |a poľnohospodárstvo 
610 2 0 |a lesníctvo 
610 2 0 |a politika environmentálna 
610 2 0 |a vzduch 
610 2 0 |a voda 
610 2 0 |a pôda 
610 2 0 |a prognózy vedecké 
100 1 |a Spáčilová, Ružena